000 00979nam a2200265Ia 4500
003 OSt
005 20220923212528.0
006 a|||||r|||| 00| 0
007 ta
008 220922b |||||||| |||| 00| 0 hin d
024 _a153,814
037 _cTextual
040 _aARTS
_cARTS
_bhin
041 _2hin
_ahin
082 _aO15:gxH35,1, 152L6-;2(WPS)
100 _aसत्यव्रत सिंह
245 0 _aसाहित्यदर्पण
_b विश्वनाथ
246 _aSāhityadarpaṇa: vishvanātha
260 _aवाराणसी
_b चौखम्बा विद्या भवन
_c1976
300 _a902पृ.
_ccm.
490 _aविदयाभ्वन संस्कृत ग्रन्थमाला; 29
650 _aहिन्दी साहित्य
_9156264
942 _hO15:gxH35,1, 152L6-;2(WPS)
_cTEXL
_2CC
999 _c309451
_d309451